Statistics for Numbers to a Word

Click here to take the quiz!

General Stats

  • This quiz has been taken 21 times
  • The average score is 6 of 10

Answer Stats

HintAnswer% Correct
Sides in a hexagonSix
100%
One dozenTwelve
81%
The last of the teensNineteen
75%
5th smallest prime numberEleven
69%
Is 0 Even or Odd?Even
69%
E in PEMDASExponent
56%
_ Bottles of beer on the wallNinety Nine
56%
20 in spanishVeinte
50%
Longest roman numeral between 1 and 1000Eight Hundred Eighty Eight
19%
Mystery numberSeventeen
19%

Score Distribution

Percentile by Number Answered

Percent of People with Each Score

Your Score History

You have not taken this quiz